1846 1777 1330 1867 1322 1411 1512 1940 1046 1482 1729 1659 1126 1213 1584 1999 1482 1074 1625 1033 1050 1113 1954 1020 1150 1783 1008 1458 1668 1134 1073 1681 1909 1369 1696 1481 1848 1310 1647 1801 1834 1676 1024 1977 1805 1945 1244 1434 1380 1686 1206 1824 1762 1855 1464 1206 1238 1139 1015 1957 1227 1698 1526 1625 1936 1984 1478 1195 1941 1648 1706 1702 1736 1207 1957 1571 1064 1657 1402 1497 1593 1478 1287 1310 1724 1632 1813 1373 1174 1299 1745 1316 1139 1398 1253 1878 1375 1917 1029 BCNSPRNW ULIB Ver.6.0+V

เปลี่ยนเป็นภาษาไทย

Change to English
 แสดงรายละเอียดบรรณานุกรม
  กลับหน้าหลัก

Brief Record : Get Marc (ISO 2709) : E-mail record : QR code < ปิดหน้าต่าง
LEADER : 00000nam 2200000uu 4500
001    13399111604
003     ULIB
008    110627s||||||||th 000 0 tha d
020    9786167081366
090    นว.^bi111ท 2553
100 0  irgendwann im november
245 00 ทะเลรักลวงใจ/^cirgendwann im november
250    พิมพ์ครั้งที่ 1
260    กรุงเทพฯ :^bสมาร์ทบุ๊ค,^c2553
300    416 หน้า
945    ^p260^l0^i028908
945    ^p260^l0^i028072
995    ทศพร
999 ^a ใช้งานได้ทุกระบบ
รายการนี้ยังไม่มีแท็ก
คุณยังไม่ได้ล็อกอิน คุณสามารถมีกิจกรรมร่วมกับเว็บไซต์ได้ แต่ต้องล็อกอินก่อน ::
  ล็อกอิน

รายการสื่อสารสนเทศ

ลำดับที่ ประเภท เลขเรียก/บาร์โค้ด สถานที่ สถานะ
1. นวนิยาย
นวนิยาย
นว. i111ท 2553 ฉ.1 
  Barcode: 028072
ห้องสมุดวิทยาเขตสวรรค์ประชารักษ์
►นวนิยาย
บนชั้น
  ขอยืม
2. นวนิยาย
นวนิยาย
นว. i111ท 2553 ฉ.2 
  Barcode: 028908
ห้องสมุดวิทยาเขตสวรรค์ประชารักษ์
►นวนิยาย
บนชั้น
  ขอยืม

BibComment


ยังไม่เคยถูกคอมเมนท์

คอมเมนท์ทรัพยากรรายการนี้
  คอมเมนท์: ทะเลรักลวงใจ irge..


 Copyright 2026. Bcnsprnw @Library